书目信息 |
| 题名: |
土壤地理学
|
|
| 作者: | 斯蒂拉 著 ;王云 , 杨萍如 译 | |
| 分册: | ||
| 出版信息: | 北京 高等教育出版社 1983 |
|
| 页数: | 227页 | |
| 开本: | 21cm | |
| 丛书名: | ||
| 单 册: | ||
| 中图分类: | S159 | |
| 科图分类: | ||
| 主题词: | 土壤地理学 | |
| 电子资源: | ||
| ISBN: | ||
| 000 | 00718nam0 2200253 45 | |
| 001 | 0183001271 | |
| 005 | 20051216093021.34 | |
| 010 | @dCNY1.15 | |
| 091 | @a12010.035 | |
| 100 | @a19950526d1983 em y0chiy0121 ea | |
| 101 | 1 | @achi@ceng |
| 102 | @aCN@b110000 | |
| 105 | @ay z 000yy | |
| 200 | 10 | @a土壤地理学@Atu rang di li xue@f(美)D·斯蒂拉著@F(mei)D·si di la zhu@g王云,杨萍如译 |
| 210 | @a北京@c高等教育出版社@d1983@h1984印 | |
| 215 | @a227页@d21cm | |
| 606 | @a土壤地理学 | |
| 690 | @aS159@v3 | |
| 701 | 0 | @a斯蒂拉@Asi di la@4著 |
| 702 | 0 | @a王云@Awang yun@4译 |
| 702 | 0 | @a杨萍如@Ayang ping ru@4译 |
| 801 | 2 | @aCN@bNLC@c20051216 |
| 801 | 0 | @aCN@b上海图书馆@c20040521 |
| 905 | @f1@b169860@dS159@e6 | |
| 土壤地理学/(美)D·斯蒂拉著/王云,杨萍如译.-北京:高等教育出版社,1983(1984印) |
| 227页;21cm |
| ISBN :CNY1.15 |
| ● |
| 相关链接 |
|
|
|
|
正题名:土壤地理学
索取号:S159/6
 
预约/预借
| 序号 | 登录号 | 条形码 | 馆藏地/架位号 | 状态 | 备注 |
| 1 | 0169860 | 000717567 | 第二样本阅览室/ [索取号:S159/6] | 在馆 | |
| 2 | 0169861 | 202177027 | 密集书库/ [索取号:S159/6] | 在馆 |